Finding our feet : (Record no. 42442)
[ view plain ]
| 000 -LEADER | |
|---|---|
| fixed length control field | 01303pam a2200337 a 4500 |
| 001 - CONTROL NUMBER | |
| control field | 4850326 |
| 003 - CONTROL NUMBER IDENTIFIER | |
| control field | SISC |
| 005 - DATE AND TIME OF LATEST TRANSACTION | |
| control field | 20160308093009.0 |
| 008 - FIXED-LENGTH DATA ELEMENTS--GENERAL INFORMATION | |
| fixed length control field | 910118s1991 mdu b 001 0 eng |
| 010 ## - LIBRARY OF CONGRESS CONTROL NUMBER | |
| LC control number | 91007632 |
| 020 ## - INTERNATIONAL STANDARD BOOK NUMBER | |
| International Standard Book Number | 0819182079 (cloth : alk. paper) |
| 020 ## - INTERNATIONAL STANDARD BOOK NUMBER | |
| International Standard Book Number | 0819182087 (pbk. : alk. paper) |
| 040 ## - CATALOGING SOURCE | |
| Original cataloging agency | DLC |
| Transcribing agency | DLC |
| Modifying agency | DLC |
| 043 ## - GEOGRAPHIC AREA CODE | |
| Geographic area code | a-ph--- |
| 050 00 - LIBRARY OF CONGRESS CALL NUMBER | |
| Classification number | PL 6053 |
| Item number | .B7 1991 |
| 100 1# - MAIN ENTRY--PERSONAL NAME | |
| Personal name | Bresnahan, Mary Isabelle. |
| 9 (RLIN) | 30741 |
| 245 10 - TITLE STATEMENT | |
| Title | Finding our feet : |
| Remainder of title | understanding crosscultural discourse / |
| Statement of responsibility, etc | Mary I. Bresnahan. |
| 260 ## - PUBLICATION, DISTRIBUTION, ETC. (IMPRINT) | |
| Place of publication, distribution, etc | Lanham : |
| Name of publisher, distributor, etc | University Press of America, |
| Date of publication, distribution, etc | c1991. |
| 300 ## - PHYSICAL DESCRIPTION | |
| Extent | 214 p. : |
| Dimensions | 23 cm. |
| 600 00 - SUBJECT ADDED ENTRY--PERSONAL NAME | |
| Personal name | Hernandez, Amado V. |
| Title of a work | Luha ng buwaya. |
| 9 (RLIN) | 30742 |
| 650 #0 - SUBJECT ADDED ENTRY--TOPICAL TERM | |
| Topical term or geographic name as entry element | Tagalog language |
| General subdivision | Discourse analysis. |
| 9 (RLIN) | 30743 |
| 650 #0 - SUBJECT ADDED ENTRY--TOPICAL TERM | |
| Topical term or geographic name as entry element | Tagalog fiction |
| Chronological subdivision | 20th century |
| General subdivision | History and criticism. |
| 9 (RLIN) | 30744 |
| 650 #0 - SUBJECT ADDED ENTRY--TOPICAL TERM | |
| Topical term or geographic name as entry element | Intercultural communication |
| Geographic subdivision | Philippines. |
| 9 (RLIN) | 30745 |
| 650 #0 - SUBJECT ADDED ENTRY--TOPICAL TERM | |
| Topical term or geographic name as entry element | Communication and culture |
| Geographic subdivision | Philippines. |
| 9 (RLIN) | 30746 |
| 650 #0 - SUBJECT ADDED ENTRY--TOPICAL TERM | |
| Topical term or geographic name as entry element | Sociolinguistics |
| Geographic subdivision | Philippines. |
| 9 (RLIN) | 30747 |
| 650 #0 - SUBJECT ADDED ENTRY--TOPICAL TERM | |
| Topical term or geographic name as entry element | Philippine literature |
| General subdivision | History and criticism. |
| 9 (RLIN) | 30748 |
| 906 ## - LOCAL DATA ELEMENT F, LDF (RLIN) | |
| a | 7 |
| b | cbc |
| c | orignew |
| d | 1 |
| e | ocip |
| f | 19 |
| g | y-gencatlg |
| 942 ## - ADDED ENTRY ELEMENTS (KOHA) | |
| Source of classification or shelving scheme | Library of Congress Classification |
| Koha item type | Books |
| Withdrawn status | Lost status | Source of classification or shelving scheme | Damaged status | Home library | Current library | Shelving location | Date acquired | Total Checkouts | Full call number | Barcode | Date last seen | Copy number | Price effective from | Koha item type |
|---|---|---|---|---|---|---|---|---|---|---|---|---|---|---|
| Library of Congress Classification | Luxembourg Library | Luxembourg Library | High School Section | 02/27/2014 | PL 6053 .B7 1991 | 0168 | 03/08/2016 | 1 | 02/27/2014 | Books |